| 000 | 01240nam0a22002411 4500 | ||
|---|---|---|---|
| 001 | v19\rc\1238640 | ||
| 005 | 20260406232744.0 | ||
| 035 | _a(NLR Aleph) 004397001 | ||
| 090 |
_a3827683 _c3827683 |
||
| 100 | _a20060306d1885 |||y0rusy50 ca | ||
| 101 | 0 | _arus | |
| 102 | _aRU | ||
| 105 | _ay z ||||| | ||
| 200 | 1 | _aОбъявление [Особой комиссии при Канцелярии виленского, ковенского и гродненского генерал-губернатора о раздаче пособия из пожалованной императором суммы] | |
| 210 |
_aВильна _dценз. 1885 |
||
| 215 | _a1 л. | ||
| 532 | 1 | 3 | _aОбъявление Особой комиссии при Канцелярии виленского, ковенского и гродненского генерал-губернатора о раздаче пособия из пожалованной императором суммы |
| 710 | 0 | 2 |
_aВиленский, Ковенский и Гродненский генерал-губернатор _3RU\NLR\AUTH\889985826 _9467248 |
| 801 | 0 |
_aRU _bNLR _gpsbo |
|
| 801 | 1 |
_aRU _bProSoft-M _2rusmarc |
|
| 852 |
_aNLR _j18.221.3.281 |
||
| 942 | _cBOOK | ||
| 980 | _aNB | ||